Dimenticarsi alle 7 - Elodie (testo) - Statistics

Statistiche generali
  • Questo quiz è stato fatto 80 volte
  • Il punteggio medio è 186 su 262
Statistiche sulle risposte
Risposta % Corretto
a
98%
di
98%
se
98%
Se
98%
no
96%
7
95%
alle
95%
Dimenticarsi
95%
e
93%
è
93%
In
89%
in
89%
va
89%
Che
88%
che
88%
(Che
88%
(che
88%
non
86%
Non
86%
fa
84%
Io
84%
mi
84%
ne
84%
(amore)
82%
amore?
82%
la
82%
La
82%
per
82%
più
82%
sei
82%
chi
81%
Dove
81%
sa
81%
tu
81%
te
79%
un
79%
vai
79%
ancora,
77%
ancora
77%
Ancora,
77%
Ancora
77%
ho
77%
Stasera
77%
ti
77%
da
75%
Ora
75%
Ci
74%
Ma
74%
gente
72%
Quanta
72%
bisogno
70%
così
70%
Così
70%
passa
70%
solo
70%
Solo
70%
fai)
67%
fai
67%
Insieme
67%
Dicevi
65%
miei
65%
Prima
65%
prima
65%
giù
63%
nella
63%
Nella
63%
Come
61%
cosa
61%
Degli
61%
incontrassi
61%
poi
61%
Poi
61%
voglio
60%
città
58%
fatalità
58%
inutile
58%
sarebbe
58%
vero
58%
mondo
56%
occhi
56%
scivola
56%
piangere
54%
vuoi
54%
Dimenticare
53%
passi
53%
giorno
51%
oramai
51%
piano
51%
sai)
51%
si
51%
due
49%
Morire
49%
tua
49%
freddo
47%
pazzi
47%
qualunque
47%
Quando
47%
bella
46%
noi,
46%
ruggine
46%
fanno
44%
Può
44%
Travolti
42%
credo
39%
Contarla
35%
un′idea
35%
un'idea
35%
poesia
33%
solitudine
33%
tutto
33%
parla
32%
strano
32%
bar
30%
calci
30%
capitare
30%
chiunque
30%
effetto
30%
prendi
30%
niente
28%
verità
28%
facile
26%
seduti
26%
Mandare
25%
rivedersi
25%
Sembra
25%
23%
Mentre
23%
Mai
21%
Rimani
18%
Nessun quiz corrispondente trovato
Distribuzione punteggi
Percentuale di utenti per punteggio
Percentile per numero di risposta
I tuoi punteggi nel tempo
Non hai fatto questo quiz